| 000 | 00886nas a2200277Ia 4500 | ||
|---|---|---|---|
| 001 | A06/R068-44495 | ||
| 003 | IT-MiCISF | ||
| 008 | 161014c99999999xx |||||||||||| ||und|| | ||
| 040 |
_aIT-MiCISF _cIT-MiCISF |
||
| 041 | _aINGLESE | ||
| 100 | _aCaplan Arthur L. | ||
| 210 | _aThe Hastings Center Report | ||
| 222 | _aThe Hastings Center Report | ||
| 240 | _aMoving the Womb | ||
| 245 | 0 | _aMoving the Womb | |
| 250 | _a1a ed. | ||
| 260 | _c2007 | ||
| 501 |
_bCISF - Centro Internazionale Studi Famiglia - Via Giotto, 36 20145 MILANO (non commercial uses only) _cCopyright 2016 |
||
| 300 | _app. 18-20 | ||
| 362 | _an. 3, maggio-giugno [2007] | ||
| 500 | _aPerry C., Plante L., Saloma J., Batzer F.R. Tema: procreazione-artificiale, tecnologie-riproduttive, trapianti | ||
| 650 |
_aBIOETICA _vsaggio |
||
| 700 | _aAA.VV. | ||
| 942 | _cCR | ||
| 957 | _71 | ||
| 999 |
_a44495 _bSi _g1 _c237850 _d237850 |
||